Welcome to the Holygrace Academy Library

Please use search bar below to get started

100 MATH ACTIVITIES (Record no. 6668)

MARC details
000 -LEADER
fixed length control field 00310nam a22001457a 4500
020 ## - INTERNATIONAL STANDARD BOOK NUMBER
ISBN 0-439-56680-0
082 ## - DEWEY DECIMAL CLASSIFICATION NUMBER
Classification number 001
Item number KEE/S
100 ## - MAIN ENTRY--AUTHOR NAME
Personal name KEENAN, SHELLA
245 ## - TITLE STATEMENT
Title 100 MATH ACTIVITIES
260 ## - PUBLICATION, DISTRIBUTION, ETC. (IMPRINT)
Place of publication NES YORK
Name of publisher SCHOLASTIC INC
Year of publication 2004
300 ## - PHYSICAL DESCRIPTION
Number of Pages 224
520 ## - SUMMARY, ETC.
Summary, etc MATHS
650 ## - SUBJECT ADDED ENTRY--TOPICAL TERM
Topical Term MATHS
942 ## - ADDED ENTRY ELEMENTS (KOHA)
Koha item type Books
Holdings
Withdrawn status Lost status Collection code Home library Current library Shelving location Date acquired Source of acquisition Full call number Accession Number Koha item type
    Reference Main Library Main Library SHELF-17C--MATHS RELATED QUIZ BOOK 02/04/2007 Purchase 001 KEE/S 03165 Books